| 000 | 00609naa a2200205 4500 | ||
|---|---|---|---|
| 001 | 131991 | ||
| 003 | ES-MaBCM | ||
| 005 | 20241016144638.0 | ||
| 008 | 060801s2006 esp|r0p 0 ||spa d | ||
| 021 | _axx | ||
| 035 | _a(OCoLC)1365222640 | ||
| 040 | _cES-MaBCM | ||
| 245 | 0 | 0 |
_aSeguro marítimo _b: normativa aplicable |
| 520 | 3 | _aComentario a la STS núm. 278/2006 de 17 de marzo | |
| 650 | 2 | 7 |
_aSeguro marítimo _960222 |
| 651 | 2 | 4 |
_aEspaña _9115342 |
| 655 | 4 |
_aJurisprudencia comentada _959143 |
|
| 773 | 0 |
_aEn: _tActualidad civil _dMadrid _w104213 _gN. 14 (jul. 2006), p. 1695-1699 |
|
| 942 | _cAREV | ||
| 999 |
_c131991 _d131991 |
||